|
|
|
|
| LEADER |
00000nam0a2200000 4500 |
| 001 |
132422 |
| 005 |
20231031134838.0 |
| 010 |
|
|
|a 9789854753065
|
| 035 |
|
|
|a (RuTPU)RU\TPU\book\143393
|
| 090 |
|
|
|a 132422
|
| 100 |
|
|
|a 20080303d2008 m y0rusy50 ca
|
| 101 |
0 |
|
|a rus
|
| 102 |
|
|
|a BY
|
| 105 |
|
|
|a a j 001zy
|
| 200 |
1 |
|
|a Религиоведение
|e учебное пособие
|f под ред. М. Я. Ленсу, Я. С. Яскевич, В. В. Кудрявцева
|
| 205 |
|
|
|a 3-е изд., стер.
|
| 210 |
|
|
|a Минск
|c Новое знание
|d 2008
|
| 215 |
|
|
|a 421 с.
|c ил.
|
| 225 |
1 |
|
|a Социально-гуманитарное образование
|
| 320 |
|
|
|a Библиография в конце глав.
|
| 330 |
|
|
|a Предлагаемое учебное пособие отличается фундаментальностью. Оно содержит подробный анализ основных религиоведческих терминов и теорий, очерк истории национальных и мировых религий, нетрадиционных религиозных верований. Изложены философские, этические, социально-политические и правовые аспекты различных вероучений. Рассмотрены развитие свободомыслия в разные эпохи, статус религии в современном обществе, связь религии с моралью, искусством, политикой. Для студентов и преподавателей вузов, аспирантов и магистрантов, всех интересующихся религией.
|
| 610 |
1 |
|
|a религии
|
| 610 |
1 |
|
|a религиоведение
|
| 610 |
1 |
|
|a методология
|
| 610 |
1 |
|
|a происхождение
|
| 610 |
1 |
|
|a верования
|
| 610 |
1 |
|
|a религиозные культы
|
| 610 |
1 |
|
|a история
|
| 610 |
1 |
|
|a национальные религии
|
| 610 |
1 |
|
|a иудаизм
|
| 610 |
1 |
|
|a даосизм
|
| 610 |
1 |
|
|a синтоизм
|
| 610 |
1 |
|
|a буддизм
|
| 610 |
1 |
|
|a христианство
|
| 610 |
1 |
|
|a Православие
|
| 610 |
1 |
|
|a католицизм
|
| 610 |
1 |
|
|a протестантизм
|
| 610 |
1 |
|
|a ислам
|
| 610 |
1 |
|
|a неокульты
|
| 610 |
1 |
|
|a кришнаизм
|
| 610 |
1 |
|
|a социальные учения
|
| 610 |
1 |
|
|a свободомыслие
|
| 610 |
1 |
|
|a светская культура
|
| 610 |
1 |
|
|a общество
|
| 610 |
1 |
|
|a мораль
|
| 610 |
1 |
|
|a политика
|
| 610 |
1 |
|
|a учебные пособия
|
| 686 |
|
|
|a Э210я73
|v LBC/SL-A
|2 rubbk
|
| 686 |
|
|
|a Э3я73
|v LBC/SL-A
|2 rubbk
|
| 702 |
|
1 |
|a Ленсу
|b М. Я.
|g Михаил Яковлевич
|4 340
|
| 702 |
|
1 |
|a Яскевич
|b Я. С.
|g Ядвига Станиславовна
|4 340
|
| 702 |
|
1 |
|a Кудрявцев
|b В. В.
|g Василий Васильевич
|4 340
|
| 801 |
|
1 |
|a RU
|b 63413507
|c 20080303
|g PSBO
|
| 801 |
|
2 |
|a RU
|b 63413507
|c 20150817
|g PSBO
|
| 900 |
|
|
|a Религиоведение
|
| 900 |
|
|
|a Религиозные отношения и социальная практика
|
| 900 |
|
|
|a Культурология
|
| 942 |
|
|
|c BK
|
| 953 |
|
|
|b 030100
|b 030101
|
| 959 |
|
|
|a 24/20080303
|d 2
|e 264,00
|f АНЛ:1
|f ЧЗГЛ:1
|